000 01004nam a2200265Ia 4500
003 OSt
005 20221005103009.0
006 a|||||r|||| 00| 0
007 ta
008 221004b |||||||| |||| 00| 0 hin d
020 _a9788180315336 (hbk)
_c195
024 _a23163
037 _b205, 09/11/2015, Eastern Book Linkers
_cTextual
040 _aCRL
_cCRL
_bhin
041 _2hin
_ahin
082 _aO152,1:gN, L7;Q0
100 _aतिवारी, विश्वनाथप्रसाद
245 0 _aआधुनिक हिन्दी कविता
246 _aĀdhunik hindī kavitā
260 _aइलाहाबाद
_bलोकभारती प्रकाशन भारत
_c2010
300 _a148पृ0
_ccm.
650 _aहिन्दी साहित्य
942 _hO152,1:gN, L7;Q0
_cTEXL
_2cc
999 _c1009260
_d1009260